[Event "FRA-ch 58 Championnat"]
[Site "Belfort"]
[Date "1983.08.16"]
[Round "5"]
[White "Manouck, Thierry"]
[Black "Preissmann, Emmanuel"]
[Result "1/2-1/2"]
[WhiteElo "2375"]
[BlackElo "2360"]
[Annotator "Primel,D"]
[PlyCount "77"]
[EventDate "1983.08.12"]
[EventType "tourn"]
[EventRounds "15"]
[EventCountry "FRA"]
[EventCategory "2"]
[SourceTitle "EXT 2016"]
[Source "ChessBase"]
[SourceDate "2015.10.08"]
[SourceVersion "1"]
[SourceVersionDate "2015.10.08"]
[SourceQuality "1"]

1. c4 e6 2. Nf3 d5 3. b3 Be7 4. Bb2 Nf6 5. g3 a5 6. Bg2 a4 $1 7. Na3 O-O 8. O-O
Ne4 (8... c6) 9. d3 Bf6 10. Bxf6 Nxf6 11. b4 Qe7 12. Qd2 Rd8 13. Qb2 c6 $11 14.
Rfe1 Nbd7 15. e4 dxe4 16. dxe4 e5 17. c5 (17. Nh4 {[%cal Gh4f5]}) 17... b6 18.
cxb6 Ba6 19. Bf1 Rdb8 20. Bxa6 Rxa6 21. Nc4 a3 (21... Nxb6) 22. Nxa3 Raxb6 23.
Nc2 c5 24. a3 Qe6 25. Qc3 Rc6 26. Qd3 Rd6 27. Qe2 cxb4 28. axb4 Rc6 29. b5 Rc3
30. Na3 Qg4 31. Nd2 Qxe2 32. Rxe2 Ra8 33. Re3 Rxe3 34. fxe3 Kf8 35. Kg2 g5 36.
h3 h5 37. Ndc4 Nxe4 38. Rd1 Ke8 (38... Ndc5) 39. g4 (39. Rxd7 Kxd7 40. Nb6+ Kc7
41. Nxa8+ Kb7 42. Nc4 Kxa8 (42... f6 43. Nab6) 43. Nxe5 f5 44. Nf3 Kb7 45. Nd4)
1/2-1/2

[Event "FRA-ch 58 Championnat"]
[Site "Belfort"]
[Date "1983.08.19"]
[Round "7"]
[White "Bernard, Christophe"]
[Black "Preissmann, Emmanuel"]
[Result "0-1"]
[WhiteElo "2335"]
[BlackElo "2360"]
[Annotator "Primel,D"]
[PlyCount "80"]
[EventDate "1983.08.12"]
[EventType "tourn"]
[EventRounds "15"]
[EventCountry "FRA"]
[EventCategory "2"]
[SourceTitle "EXT 2016"]
[Source "ChessBase"]
[SourceDate "2015.10.08"]
[SourceVersion "1"]
[SourceVersionDate "2015.10.08"]
[SourceQuality "1"]
[TimeControl "40/9000:16/5400:0"]

1. Nf3 d5 2. c4 e6 3. g3 dxc4 4. Bg2 Nf6 5. O-O (5. Qa4+ {L'alternative} Nbd7
6. Qxc4 c5) 5... Nbd7 6. Qc2 (6. Na3 Bxa3 7. bxa3 $13) (6. Qa4) 6... Nb6 $5
$146 {Les Noirs relèvent le défi théorique des Blancs en s'accrochant au P}
(6... a6 7. Qxc4 b5 8. Qc2 Bb7 {Smyslov,V-Bondarevsky,I URS Absolute-ch 1941 
(8) 1/2}) 7. Na3 Bxa3 8. bxa3 Bd7 9. Ne5 Ba4 10. Qc3 Nfd5 11. Qd4 O-O 12. Nxc4
c5 $1 13. Qe4 (13. Qxc5 Rc8) 13... Bb5 14. Nxb6 (14. Na5 $5) 14... axb6 15. Bb2
{[%csl Gb2]} Ra4 $5 {[%csl Ra3]} 16. Qc2 Qd7 {[%cal Gd7a4,Gb5e2]} 17. Rfe1 Bc6
18. Rab1 Re8 19. e3 c4 20. d3 cxd3 21. Qxd3 Nf6 22. Qxd7 Nxd7 23. Red1 $13 {
[%csl Gb2] Avec cette structure, les deux camps peuvent jouer pour le gain
mais le Bb2 est trés fort} Nc5 24. Bd4 $1 Ne4 25. Rxb6 f5 26. Bb2 (26. f3 Ng5
27. Kf2 {[%cal Gh2h4]} e5) 26... Rc8 27. h4 Bd5 $132 {[%cal Gc8c2,Gd5a2]} 28.
Bf1 Ra5 29. Bb5 Rc7 30. a4 $14 Ra8 31. Be5 $1 Rc2 (31... Rc5 32. Bd7 {[%csl
Re6]}) 32. Rxd5 $1 exd5 33. Rxb7 $40 {[%csl Gb7,Rg7]} Rac8 34. Rxg7+ {Un coup
naturel mais la double attaque Bd7 était plus précise} (34. Bd7 $1 {[%cal
Gd7c8,Gd7f5]} Rc1+ 35. Kg2 R8c2 36. Be6+ Kf8 37. Rf7+ Ke8 38. Rxf5 {[%cal
Gf5f2]} g6 39. Rf4) 34... Kf8 35. Rxh7 $2 (35. Bd3 $8 {[%cal Gd3e4,Gd3c2] La
pression sur la faiblesse "f2" devient trop forte et il était nécessaire
d'échanger le N}) 35... Rc1+ 36. Bf1 R8c2 $19 37. Rh8+ Kf7 38. Rh7+ Kg6 39.
Rg7+ Kh6 40. g4 Rxf2 0-1

[Event "Syre Memorial op 33th"]
[Site "Issy les Moulineaux"]
[Date "2010.05.16"]
[Round "5"]
[White "Shirazi, Kamran"]
[Black "David, Alberto"]
[Result "1/2-1/2"]
[WhiteElo "2425"]
[BlackElo "2631"]
[Annotator "Primel,D"]
[PlyCount "150"]
[EventDate "2010.05.13"]
[EventType "swiss"]
[EventRounds "6"]
[EventCountry "FRA"]
[SourceTitle "EXT 2011"]
[Source "ChessBase"]
[SourceDate "2010.11.26"]
[SourceVersion "1"]
[SourceVersionDate "2010.11.26"]
[SourceQuality "1"]

1. c4 Nf6 2. Nf3 e6 3. g3 d5 4. Bg2 dxc4 (4... Be7 5. d4 {Retombe sur une
catalane}) 5. Qa4+ (5. Na3 Bxa3 6. bxa3 O-O $13) 5... c6 {[%cal Gb7b5] Une
ligne solide pour les noirs qui égalisent assez vite} 6. Qxc4 b5 7. Qc2 Bb7 8.
O-O Nbd7 {[%cal Gc6c5]} 9. Nc3 $1 {[%cal Gc3b5] La différence importante avec
9.d4 est le fait que les noirs doivent consolider le P"b5" par la poussée "a6"
avan de pouvoir réagir au centre par c6c5} (9. d4 $143 {Ce coup naturel ne
donne pas grand chose dans l'ouverture notamment car il n'empêche pas la
réaction thématique c5, suivi de Rc8 et la Qc2 n'est pas trés bien placée} c5
$1 10. a4 (10. Rd1 $6 {Trop lent comme je l'ai constaté а mes dépens dans un
blitz} Rc8 $36 {[%csl Rc2][%cal Gc5d4];Primel,D (2082)-Geller,J (2505)
Champions Challenge Christmas blitz 2005 (2.2) 0-1}) 10... b4 11. Bg5 Rc8 $132)
9... a6 10. Ne4 $146 {Comme d'habitude, le MI sort assez vite des chemins
battus de la théorie} (10. a4 $14 {la grande ligne} Rc8 {Conquest,S (2529)
-Grischuk,A (2606) Torshavn op 3rd 2000 (4) 0-1}) (10. Ng5 {Ressemble un peu а
l'idée de la partie Ne4} h6 11. Nge4 {Kopylov,A (2445)-Ghaem Maghami,E (2604)
Khanty Mansiysk Governor Cup 5th 2009 (9) 0-1}) (10. d4 c5 $132 {[%cal Ga8c8,
Gc8c2]}) 10... c5 {[%csl Gb7]} (10... Nxe4 11. Qxe4 {[%cal Ge4b7]} Qb6 12. Ne5
{[%cal Gg2b7]} Nxe5 13. Qxe5 c5 $11) 11. Nxf6+ (11. d3 $5 Nxe4 (11... Be7) 12.
dxe4 {[%cal Gf1d1]} Nf6 13. Rd1 Qb6 14. e5 Be4 (14... Nd5) 15. Qd2 {[%csl Rc1]}
Nd5 16. Ng5 Bxg2 17. Kxg2 Rd8 18. Nxf7 $3 {Une position qui aurait bien été
dans le style du MI!} Kxf7 19. e4 Be7 20. exd5 exd5 21. Qf4+ Kg8 {[%csl Rg8,
Rh8]} (21... Ke8 22. Qg4 {[%csl Re8,Rg7][%cal Ge5e6]})) 11... Nxf6 12. b3 $1 {
[%cal Gc1b2,Ga1c1,Gc2b1,Gf1d1]} Be7 13. Bb2 Rc8 14. Rac1 Bd5 $1 (14... O-O $143
15. Ng5 $1 $40 {[%csl Rb7][%cal Gg2b7,Gb2f6,Gc2h7] Cet ordre de coups est plus
dangereux que dans la partie car le Bb7 n'est pas protégé}) 15. Rfd1 O-O 16.
Ng5 $1 {[%cal Gb2f6,Gc2h7]} (16. d3 $5) (16. Qb1 $5 {[%cal Gb1a1]}) 16... g6 {
[%csl Gb2,Rg7,Rg8]} (16... h6 17. Bxf6 hxg5 18. Bb2 $14 {[%csl Rg5,Rg8]}) 17.
e4 $1 Ba8 18. d3 {[%csl Rd4]} (18. Qb1 c4 $1) 18... Nd7 $1 {[%cal Ge7g5] Gagne
un tempo sur le N pour jouer Bf6 et récupérer le contrôle des cases noires sur
la diagonale a1h8} (18... h6 {[%csl Rg6]}) 19. Nf3 Bf6 $11 {l'aile-roi du GMI
est légèrement affaiblie mais en contrepartie, le P"d3" est arriéré} 20. h4 $5
{[%cal Gh4h5,Gf3g5]} (20. Qb1 $5 {[%cal Gb1a1,Gd3d4]} Bb7 (20... Qe7 21. d4 $1
cxd4 (21... Rfd8 22. d5 $5 (22. e5 Bg7 23. dxc5 {[%cal Gb3b4]} Nxc5 24. Rxd8+
Qxd8 25. Qc2 {[%cal Gc2c8,Gb3b4]} Bb7 26. Qe2 $14 {[%csl Gf6,Rg7][%cal Gf3g5,
Gg5e4,Ge4d6,Gf3d4]})) 22. Nxd4 {[%csl Rc6]}) 21. d4 $1) 20... Bb7 21. Qe2 {
[%cal Gd3d4]} Bxb2 $1 (21... Qe7 $143 22. d4 $14) 22. Qxb2 Qe7 23. Rc2 (23. h5
$5 {[%csl Rg7][%cal Gh5h6]}) 23... Rfd8 24. Ne5 (24. Rdc1) 24... Nxe5 25. Qxe5
c4 $5 {[%cal Gd8d1]} (25... f6 $5 {[%cal Gg8f7]}) 26. bxc4 bxc4 27. d4 {
[%csl Gd4,Ge4]} h5 $6 {[%csl Rg6]} 28. Qa5 (28. d5 $1 $36 {[%cal Ge5e7,Gd5d6]
Thématique dans ce genre de structure} Rc5 29. Rdc1 (29. d6 $6 Rxe5 30. dxe7
Rxd1+ 31. Kh2 Bc6 32. Rxc4 Bb5 33. Rc8+ Kg7 34. f4 (34. e8=Q $2 Bxe8 35. Rxe8
Rc5 {[%csl Rh2]}) 34... Kf6 35. fxe5+ Kxe7) 29... Rdc8 30. Qd4 exd5 31. exd5 {
[%csl Rc4][%cal Gc2c4]} Qd6 (31... Qc7 32. d6) 32. Rxc4) 28... Rd7 29. Qc3 (29.
d5 $6 exd5 30. exd5 Rc5 {[%csl Rd5]}) 29... Qd8 30. Rdd2 (30. Rb2 {[%cal Gb2b7]
} Ba8 31. a4 {[%csl Ra6][%cal Ga4a5,Gb2b6]} Qc7 32. a5 Rcd8 33. Rb6 $16) (30.
Rcd2 Qf6 31. Rb1 (31. e5 Qf5 32. Bxb7 Rxb7 33. d5 exd5 34. Rxd5 Rb5 $1 $11)
31... Ba8 32. Rb6 $14 {[%cal Gb6f6,Gd4d5,Gb6a6]}) 30... Qf6 {[%csl Rd4][%cal
Gc8d8]} 31. Kh2 (31. Rb2) 31... Kh7 32. f3 {[%cal Gg2h3,Gh3d7,Gd4d5]} Rcc7 33.
Bh3 $14 Rd8 34. Bf1 (34. Rb2) 34... Kg8 $138 (34... Bxe4 {[%cal Gf6f1]}) 35.
Be2 Kh7 36. Qe3 {Les deux joueurs attendent de passer le contrôle de temps
pour obtenir les 20 mns supplémentaires} Qe7 37. Kg1 Qb4 38. Qf4 Rdd7 39. Qe3
c3 (39... f5 $5 {Moins risqué car le P"c3" est assez faible}) 40. Rd3 Qa4 (
40... Qb1+) 41. Bd1 (41. Rdxc3 Rxc3 42. Rxc3 Qxa2 (42... Rxd4 43. Rc7 {[%cal
Gc7b7,Gc7f7]}) 43. Kf2 {[%cal Gf2e2]}) 41... Rc4 42. Rcxc3 Qxa2 43. Rd2 Rxc3
44. Qxc3 Qb1 45. Qc5 (45. Kf2) 45... Qb5 46. Qxb5 axb5 47. Kg2 (47. Kf2 $142 {
[%cal Gf2e3]} f5 48. Ke3 $14) 47... f5 $11 48. Bc2 Rc7 49. Kf2 Rc3 50. Bd3 Kh6
51. Ke2 g5 52. Rb2 g4 53. Kd2 Ra3 54. exf5 exf5 55. fxg4 (55. Bxf5 gxf3 $132 {
[%csl Gf3]}) 55... hxg4 56. Bxf5 Rxg3 {[%csl Gg4]} 57. Rxb5 Bf3 58. Rb8 (58.
Ke3 $5 {[%cal Ge3f4] Les blancs avaient l'occasion d'activer le K en gagnant
un tempo sur la Rf4} Bd1+ 59. Kf4 Rf3+ 60. Ke5 Kh5 61. d5 Re3+ (61... Kxh4 $4
62. d6) 62. Kf6) 58... Rg1 59. Ke3 Rf1 60. Rd8 Bd1 {[%cal Gf1f3]} 61. Be4 Kg7
62. Rd6 {[%csl Rg7]} (62. Rd5 {[%cal Gd5g5]}) 62... Kf7 $4 63. h5 g3 $2 64.
Bd5+ $4 $138 {Il restait moins d'une minute pour chaque adversaire} (64. h6 $18
{[%csl Ge4][%cal Gh6h7]}) 64... Ke7 65. Rg6 Bxh5 {Non seulement, les blancs
ont raté le gain en poussant h6 mais après la perte du P"h", la position est
nulle} 66. Rxg3 Kd6 67. Rg5 Bf7 68. Bf3 Re1+ 69. Kf4 Re6 70. Ra5 Be8 71. Ra6+
Ke7 72. Ra7+ Kd6 73. Ra5 Bd7 74. Be4 Ke7 75. Ra7 Kd6 {Suite illisible et nulle
au 94ème coup, les blancs ont multiplié en vain les manoeuvres mais sans
mettre en difficulté le GMI et si les deux adversaires ont souvent eu moins de
10 secondes а la pendule, il ont bien géré l'incrément.} 1/2-1/2

[Event "Sautron op 16th"]
[Site "Sautron"]
[Date "2016.10.22"]
[Round "5.3"]
[White "Malakhatko, Vadim"]
[Black "Ider, Borya"]
[Result "1-0"]
[WhiteElo "2514"]
[BlackElo "2463"]
[Annotator "Primel,D"]
[PlyCount "91"]
[EventDate "2016.10.22"]
[EventType "swiss"]
[EventRounds "9"]
[EventCountry "FRA"]
[SourceTitle "EXT 2019"]
[Source "ChessBase"]
[SourceDate "2018.10.10"]
[SourceVersion "1"]
[SourceVersionDate "2018.10.10"]
[SourceQuality "1"]
[TimeControl "40/5400+30:1800+30"]
[WhiteClock "0:31:18"]
[BlackClock "1:01:19"]

1. c4 {[%emt 0:00:00]} e6 {[%emt 0:00:00]} 2. Nf3 {[%emt 0:00:00]} d5 {[%emt 0:
00:20]} 3. g3 {[%emt 0:00:00]} Nf6 {[%emt 0:00:15]} 4. Bg2 {[%emt 0:00:05]} c6
{[%emt 0:00:23][%cal Gd5c4] Menace dc4 et les Blancs n'ont plus l'option Qa4} (
4... c5 5. b3 d4 $1 $132 (5... Be7 6. Bb2 O-O 7. O-O b6 8. e3 Nc6 9. Nc3 dxc4 (
9... Bb7 10. cxd5 Nxd5 11. Nxd5 Qxd5 12. d4) 10. bxc4 Bb7 11. Qe2)) 5. Qc2 {
[%emt 0:01:49]} (5. d4 {Transpose sur une Catalane}) (5. b3 $5) 5... Be7 {
[%emt 0:00:38]} (5... dxc4 6. Qxc4 b5 7. Qb3 Bb7 8. O-O Nbd7 9. d4 a6 10. Ne5
Qb6 11. Be3 c5 12. Nxd7 Nxd7 13. d5 e5 14. a4 b4 15. Nd2 Bd6 16. Nc4 Qc7 17. f4
O-O 18. Rac1 exf4 19. Bxf4 Bxf4 20. gxf4 a5 21. e4 Rae8 22. e5 Ba6 23. Rfe1 Kh8
24. Nd6 Re7 25. Qe3 Qd8 26. b3 g5 27. Kh1 Qb8 28. Qf2 gxf4 29. Qxf4 Bd3 30. Re3
Bg6 31. Rf1 Rxe5 32. Rxe5 Qxd6 33. Re8 Qxf4 34. Rxf8+ Kg7 35. Rxf4 {Carlsen,M 
(2864)-Nakamura,H (2784) Moscow 2013 1-0}) 6. O-O {[%emt 0:00:58]} b5 $6 {
[%emt 0:00:21] Joué à tempo et il doit s'agir d'une préparation mais b5
parait trop lent} (6... O-O) 7. cxb5 {[%emt 0:14:38]} cxb5 {[%emt 0:00:12]} 8.
a4 $146 {[%emt 0:00:04]} (8. d3 Bb7 9. Bf4 Nc6 10. Nc3 a6 11. e4 Rc8 12. Qe2 d4
13. Nb1 O-O 14. Ne5 Nxe5 15. Bxe5 Qb6 16. Nd2 Nd7 17. Nf3 Nxe5 18. Nxe5 Qc7 19.
f4 Qc2 20. Rf2 Qxe2 21. Rxe2 a5 22. Rf1 Rc7 23. Rff2 Rfc8 24. Bf1 a4 25. a3 Ba6
26. Rd2 Rc1 27. Kg2 f6 28. Nf3 b4 29. Rfe2 e5 30. fxe5 fxe5 31. Rf2 b3 32. Nxe5
Bg5 33. Rde2 R1c2 34. Rf7 Bxd3 35. Rd7 {0-1 (35) Vaulin,A (2520)-Moroz,A (2410)
Katowice 1992}) 8... b4 $1 {[%emt 0:00:40][%csl Rb1,Rc3] Le Nb1 manque de cases
} 9. d3 {[%emt 0:00:18]} O-O {[%emt 0:00:09]} 10. Nbd2 {[%emt 0:01:34]} Bb7 {
[%emt 0:02:07]} 11. Nb3 {[%emt 0:02:11]} Nbd7 {[%emt 0:03:39]} 12. Bf4 {
[%emt 0:00:56][%csl Gc7]} Rc8 $132 {[%emt 0:04:06]} 13. Qd2 {[%emt 0:00:49]}
Nh5 {[%emt 0:04:03]} 14. Be3 {[%emt 0:00:19]} e5 {[%emt 0:00:33][%cal Gd5d4]}
15. d4 {[%emt 0:03:52]} e4 {[%emt 0:04:23]} 16. Ne5 {[%emt 0:04:14]} f5 {
[%emt 0:00:08]} 17. Bh3 $13 {[%emt 0:15:47][%cal Gh3d7]} Nxe5 {[%emt 0:17:31]}
18. dxe5 {[%emt 0:00:06]} Rc4 {[%emt 0:00:23]} 19. Nd4 {[%emt 0:01:42]} Bc8 {
[%emt 0:00:17][%cal Gf5f4,Gc8h3]} 20. f4 {[%emt 0:19:09]} exf3 {[%emt 0:07:21]}
21. Rxf3 {[%emt 0:00:15]} f4 {[%emt 0:01:08]} 22. gxf4 {[%emt 0:01:14]} Bxh3 {
[%emt 0:00:09]} 23. Rxh3 {[%emt 0:00:06]} Qc8 {[%emt 0:00:08]} 24. f5 {[%emt 0:
02:10]} Nf4 {[%emt 0:02:43]} (24... Rxd4 $6 25. Bxd4 Qxf5 26. Qd3) 25. Rf3 {
[%emt 0:02:12]} Rxd4 {[%emt 0:01:09]} 26. Bxd4 {[%emt 0:00:06]} Qxf5 {[%emt 0:
00:04]} 27. Qxf4 {[%emt 0:08:12]} Qxf4 {[%emt 0:00:07]} 28. Rxf4 {[%emt 0:00:
04]} Rxf4 {[%emt 0:00:05]} 29. e3 {[%emt 0:00:12]} Rg4+ {[%emt 0:00:07]} 30.
Kf2 {[%emt 0:00:07]} a6 {[%emt 0:00:59]} 31. Rc1 $16 {[%emt 0:00:18][%csl Ra6,
Gc1,Rg4][%cal Gc1c6] La Rg4 est assez mal placée} Rg6 {[%emt 0:00:37]} 32. Rc7
{[%emt 0:00:16]} Kf8 {[%emt 0:00:09]} 33. Kf3 {[%emt 0:01:40]} Rh6 {[%emt 0:00:
14]} 34. Ra7 {[%emt 0:01:33]} b3 {[%emt 0:05:52]} 35. Rb7 {[%emt 0:01:38]} a5 {
[%emt 0:00:24]} (35... Rxh2 36. e6 {[%csl Rf8][%cal Gb7b8]} (36. Rxb3 h5 {
[%csl Gh5]})) 36. Kg3 {[%emt 0:08:36]} Bb4 $1 {[%emt 0:02:31]} 37. Rd7 {
[%emt 0:00:37]} Rg6+ {[%emt 0:00:14]} 38. Kf4 {[%emt 0:00:28]} Ke8 {[%emt 0:01:
53]} 39. Rb7 {[%emt 0:00:34][%cal Gf4f5]} Rh6 {[%emt 0:00:59]} (39... Rg2 40.
e6 Rxh2 41. Rxg7 (41. Ke5 g5)) 40. Rxg7 {[%emt 0:00:00]} Rxh2 {[%emt 0:00:00]}
41. Kf5 {[%emt 0:04:57]} Rh6 {[%emt 0:02:18]} 42. Ra7 {[%emt 0:02:31]} Kd8 {
[%emt 0:07:39]} 43. e6 $18 {[%emt 0:00:43]} Rh3 {[%emt 0:00:49]} 44. Bf6+ {
[%emt 0:03:20]} Kc8 {[%emt 0:00:25]} 45. e7 {[%emt 0:01:15]} Rxe3 {[%emt 0:02:
59]} 46. Ra8+ {[%emt 0:00:07]} 1-0

[Event "Wuerttemberg Masters"]
[Site "Illertissen"]
[Date "2018.08.29"]
[Round "5.1"]
[White "Krassowizkij, Jaroslaw"]
[Black "Baburin, Alexander"]
[Result "1-0"]
[WhiteElo "2439"]
[BlackElo "2458"]
[Annotator "Prusikin,M"]
[PlyCount "37"]
[EventDate "2018.08.25"]
[EventType "tourn"]
[EventRounds "9"]
[EventCountry "GER"]
[EventCategory "6"]
[SourceTitle "EXT 2020"]
[Source "ChessBase"]
[SourceDate "2019.10.17"]
[SourceVersion "1"]
[SourceVersionDate "2019.10.17"]
[SourceQuality "1"]

{[%evp 0,37,27,-26,20,12,20,-16,-15,-15,-8,-21,-20,-8,-10,-2,17,9,9,9,18,18,13,
12,12,-70,-33,-33,135,197,331,353,353,359,334,331,384,339,885,887]} 1. c4 Nf6
2. Nf3 e6 3. g3 d5 4. Bg2 dxc4 5. Na3 Bxa3 6. bxa3 O-O 7. Bb2 Nbd7 8. Rc1 $1 {
Diesen Zug empfahl M. Marin in seiner Englisch-Trilogie.} (8. Qc2) 8... c5 9.
Rxc4 $5 ({Hier lautete Marins Empfehlung allerdings} 9. Ne5) 9... b5 10. Rh4 $5
Bb7 11. Qc2 h6 {[#]} (11... Re8 $5 $146) 12. g4 $5 $146 {Eine geistreiche
Neuerung, welche die schwarze Stellung bei bestem Spiel seinerseits nicht
erschüttert, den Nachziehnden aber aus heiterem Himmel mit gefährlichen
Drohungen konfrontiert.} (12. O-O $11 {1/2-1/2 (55) Cebalo,M (2478)-Sveshnikov,
V (2412) Livigno 2011}) 12... e5 $6 (12... Be4 $1 {stellte das weiße
Eröffnungskonzept wohl in Frage:} 13. d3 Bxf3 14. Bxf3 Rc8 $15) 13. Rg1 (13.
g5 $3 {stellt Schwarz möglicherweise vor noch größere praktische Probleme:}
hxg5 14. Nxg5 Bxg2 15. Rg1 Bd5 $8 16. f4 Re8 $8 17. Qf5 g6 $8 18. Qh3 (18. Nxf7
$11) 18... Kg7 $8 19. fxe5 Rxe5 20. Rf1 $1 $40 {Zwar behauptet Stockfish, die
Schwarze Stellung verteidigen zu können (0.00), aber möchten Sie hier auf
der Seite des Nachziehenden sitzen?}) 13... e4 $2 (13... Be4 {war wieder
angebracht und immer noch gut genug, das Gleichgewicht zu wahren:} 14. d3 Bxf3
15. Bxf3 Nh7 16. g5 $1 (16. Bxa8 Qxh4 17. Bc6 Nhf6 $13) 16... Rc8 17. Rhg4 Nxg5
18. h4 Nxf3+ 19. exf3 g6 20. d4 $1 Rc6 (20... cxd4 $4 21. Rxg6+ $18) 21. Rxg6+
fxg6 22. Rxg6+ Rxg6 23. Qxg6+ Kh8 24. Qxh6+ $11) 14. g5 $1 $18 {jetzt ist der
weiße Angriff unaufhalsam!} exf3 15. Bxf3 Bxf3 16. gxf6 $1 Nxf6 17. Rxh6 $1
Re8 {[#]} {Ein herrliches Stellungsbild: nach 17 Zügen stehen die zentralen
Bauern des Anziehenden immer noch auf ihren Startplätzen, der a1-Turm
schaffte es auf mysteriöse Weise nach h4 und vor allem - Weiß gewinnt
forciert!} 18. Rxg7+ $1 Kf8 (18... Kxg7 19. Qh7+ Kf8 20. Qh8+ Ke7 21. Qxf6+ $1
Kd7 (21... Kf8 22. Rh8#) 22. Qxf3 $18) 19. Qxc5+ 1-0

[Event "Rohde op 08th"]
[Site "Sautron"]
[Date "2008.11.01"]
[Round "9"]
[White "Serafimov, Tervel"]
[Black "Lalic, Bogdan"]
[Result "1/2-1/2"]
[WhiteElo "2371"]
[BlackElo "2531"]
[Annotator "RR"]
[PlyCount "54"]
[EventDate "2008.10.25"]
[EventType "swiss"]
[EventRounds "9"]
[EventCountry "FRA"]
[SourceTitle "EXT 2009"]
[Source "ChessBase"]
[SourceDate "2008.11.26"]
[SourceVersion "1"]
[SourceVersionDate "2008.11.26"]
[SourceQuality "1"]

1. c4 Nf6 2. g3 e6 3. Bg2 d5 4. Nf3 dxc4 (4... Be7 5. d4 {retombe sur une
Catalane}) 5. Qa4+ (5. Na3 Bxa3 6. bxa3 (6. Qa4+ Bd7 7. Qxa3 Bc6 $13)) 5... c6
{[%cal Gb7b5]} 6. Qxc4 b5 7. Qc2 Bb7 8. O-O Nbd7 9. b3 Rc8 10. Bb2 Be7 11. d3
O-O 12. Nbd2 c5 13. Rac1 Qb6 14. Qb1 Rfd8 15. Qa1 {[%cal Gb2g7]} Nb8 16. d4
cxd4 17. Rxc8 $146 ({RR} 17. Bxd4 Qa6 18. Rxc8 Rxc8 19. Rc1 Rxc1+ 20. Qxc1 {
1/2-1/2 Gheorghiu,F (2462)-Kachiani Gersinska,K (2437)/Crans Montana 2000/EXT
2001}) 17... Rxc8 18. Nxd4 {provoque des échanges qui vont applanir le jeu.}
Bxg2 19. Kxg2 Nc6 $11 20. Rc1 Qb7 21. N2f3 h6 22. a4 a6 23. axb5 axb5 24. Nxc6
Rxc6 25. Rxc6 Qxc6 26. Qa7 Nd7 27. Bd4 Bc5 1/2-1/2

[Event "Bundesliga 1112"]
[Site "Germany"]
[Date "2011.11.20"]
[Round "5.8"]
[White "Schlosser, Philipp"]
[Black "Schulz, Klaus Juergen"]
[Result "1-0"]
[WhiteElo "2591"]
[BlackElo "2365"]
[Annotator "RR"]
[PlyCount "93"]
[EventDate "2011.10.14"]
[EventType "team-tourn"]
[EventRounds "15"]
[EventCountry "GER"]
[SourceTitle "CBM 146"]
[Source "ChessBase"]
[SourceDate "2012.01.18"]
[SourceVersion "1"]
[SourceVersionDate "2012.01.18"]
[SourceQuality "1"]
[WhiteTeam "Baden-Baden"]
[BlackTeam "Remagen"]
[WhiteTeamCountry "GER"]
[BlackTeamCountry "GER"]

1. c4 e6 2. g3 d5 3. Bg2 Nf6 4. Nf3 c6 5. Qc2 Na6 6. a3 dxc4 7. Qxc4 Qd5 8. Qc2
Nc5 9. Nc3 Qb3 10. Qb1 a5 11. d4 Na4 12. Nxa4 Qxa4 13. O-O Be7 14. b3 Qb5 15.
Qc2 O-O 16. Ne5 Nd7 17. Nd3 Bf6 18. Bb2 a4 19. b4 e5 20. dxe5 Nxe5 21. Nc5 Ng4
22. Rfd1 Be6 23. Rd2 Rfe8 24. Rad1 Bd5 25. e4 Bc4 26. Bxf6 Nxf6 27. Rd4 Bb3 28.
Nxb3 axb3 29. Qxb3 c5 30. Qc4 Qxc4 31. Rxc4 cxb4 32. axb4 Ra4 33. e5 Rxe5 34.
Rd8+ Re8 35. Rxe8+ Nxe8 36. Bxb7 Kf8 37. Bd5 Nd6 38. Rc6 Ke7 39. Rb6 Ra1+ 40.
Kg2 Rb1 41. Rb8 Kd7 42. Rh8 Rxb4 43. Rxh7 Rg4 44. f4 Ke7 45. Rh8 Ne8 $2 (45...
Rg6 46. Rh5 f5 $16) 46. Be4 $18 Nd6 47. Kf3 1-0

[Event "ESP-chT CECLUB Honor"]
[Site "Melilla"]
[Date "2011.11.23"]
[Round "4"]
[White "Giri, Anish"]
[Black "Aleksandrov, Aleksej"]
[Result "1-0"]
[WhiteElo "2714"]
[BlackElo "2626"]
[Annotator "RR"]
[PlyCount "110"]
[EventDate "2011.11.21"]
[EventType "team-tourn"]
[EventRounds "7"]
[EventCountry "ESP"]
[SourceTitle "CBM 146"]
[Source "ChessBase"]
[SourceDate "2012.01.18"]
[SourceVersion "1"]
[SourceVersionDate "2012.01.18"]
[SourceQuality "1"]
[WhiteTeam "Sestao"]
[BlackTeam "Cajacanarias"]
[WhiteTeamCountry "ESP"]
[BlackTeamCountry "ESP"]

1. c4 e6 2. g3 d5 3. Bg2 dxc4 4. Qa4+ Nd7 5. Qxc4 c5 6. Nf3 a6 7. Qc2 Ne7 8. d4
Nc6 9. dxc5 Nxc5 10. O-O Bd7 11. a3 Qf6 12. Nc3 Qg6 13. Qd1 Rd8 14. b4 Bc8 15.
Bd2 Nd7 16. Bf4 e5 17. Be3 Be7 18. Nd5 Nf6 19. Nxe7 Rxd1 20. Nxg6 Rxf1+ 21.
Rxf1 hxg6 22. a4 Rh5 23. b5 axb5 24. axb5 Ne7 25. h4 Nfd5 26. Bd2 Bd7 $2 (26...
Bg4 27. Ra1 e4) 27. Rc1 Bxb5 28. g4 Rh7 29. Nxe5 f6 $2 (29... Bc6 30. Ra1 Nb6
$14) 30. Bxd5 $18 Nxd5 $2 (30... fxe5 31. Bxb7 Kd7) 31. Rc8+ $18 Ke7 32. Nxg6+
Kf7 33. h5 Be8 34. e4 Nb6 35. Rc7+ Nd7 36. Rxb7 Ke6 37. Nf4+ Kd6 38. Nd5 g6 39.
hxg6 Bxg6 40. f3 f5 41. Bf4+ Kc5 42. Rc7+ Kd4 43. Be3+ Ke5 44. Nf4 Kd6 45. Ra7
fxe4 46. Ra6+ Kc7 47. Nd5+ Kb7 48. Rxg6 exf3 49. Bd4 Nf8 50. Rb6+ Kc8 51. Kf2
Rd7 52. Rf6 Rd8 53. Kxf3 Kd7 54. Bc5 Ne6 55. Nb6+ Kc6 1-0